[Event "Hoogeveen open"]
[Site "Hoogeveen, Netherlands"]
[Date "2008.10.22"]
[Round "6"]
[White "Vul, Arkadi Eremeevich"]
[Black "Ernst, Sipke"]
[Result "0-1"]
[WhiteElo "2351"]
[BlackElo "2576"]
[PlyCount "156"]
[EventDate "2008.??.??"]

1. Nf3 f5 2. d4 Nf6 3. g3 g6 4. Bg2 Bg7 5. O-O O-O 6. c4 d6 7. Nc3 Qe8 8. d5 a5
9. Nd4 Na6 10. b3 Nc5 11. Rb1 Bd7 12. a3 c6 13. b4 axb4 14. axb4 Nce4 15. Nxe4
fxe4 16. Bb2 Rc8 17. Ne6 Bxe6 18. dxe6 Ra8 19. Bxf6 Rxf6 20. Bxe4 Rxe6 21. Bf3
Kh8 22. b5 Re5 23. Qd3 Rc5 24. Rb3 Bf6 25. Rfb1 Kg7 26. bxc6 bxc6 27. Rb7 Qf7
28. Rc7 Ra6 29. Rbb7 Qe6 30. Kg2 Rxc4 31. Rxe7+ Bxe7 32. Rxe7+ Qxe7 33. Qxc4
Ra5 34. Qxc6 Rc5 35. Qb7 Qxb7 36. Bxb7 g5 37. Be4 Rc4 38. Bd5 Rd4 39. Bf3 Kf6
40. e3 Rb4 41. Bc6 Ke6 42. h3 d5 43. Be8 Kd6 44. Bh5 Kc5 45. Be2 Rb3 46. Bg4 h6
47. Bf5 Ra3 48. Be6 Ra5 49. Bg8 Ra7 50. Be6 Re7 51. Bf5 Kc4 52. Kf3 Kc3 53. g4
Kd2 54. Kg2 Ke2 55. Bc8 Rf7 56. Bf5 Rf6 57. Kg3 Rb6 58. Bd7 Rb1 59. Kg2 Rb2 60.
Bc6 Ke1 61. Bxd5 Rxf2+ 62. Kg3 Re2 63. Kf3 Kd2 64. e4 Re3+ 65. Kg2 Kd3 66. Bb7
Kd4 67. h4 gxh4 68. Kh2 Ke5 69. Kg2 Kf4 70. Bc8 Rxe4 71. Kh3 Kg5 72. Bf5 Re3+
73. Kh2 Rc3 74. Bd7 h3 75. Be6 Kh4 76. Bf5 Rf3 77. Be4 Re3 78. Bf5 Re2+ 0-1

[Event "Hoogeveen open"]
[Site "Hoogeveen, Netherlands"]
[Date "2008.10.22"]
[Round "6"]
[White "Tan, Matthew"]
[Black "Ulibin, Mikhail"]
[Result "0-1"]
[WhiteElo "2321"]
[BlackElo "2521"]
[PlyCount "52"]
[EventDate "2008.??.??"]

1. e4 e6 2. d4 d5 3. Nd2 Nf6 4. e5 Nfd7 5. Bd3 c5 6. c3 Nc6 7. Ne2 cxd4 8. cxd4
f6 9. exf6 Nxf6 10. O-O Bd6 11. Nf3 Qc7 12. Bg5 O-O 13. Rc1 h6 14. Bxf6 Rxf6
15. Bb5 Qb6 16. Bxc6 bxc6 17. Qc2 Ba6 18. Rfe1 Rc8 19. Nc3 Rxf3 20. gxf3 Qxd4
21. Ne2 Qf6 22. Ng3 Rc7 23. Qa4 Bc8 24. Qg4 e5 25. Nh5 Qf7 26. Qh4 g5 0-1

[Event "Hoogeveen open"]
[Site "Hoogeveen, Netherlands"]
[Date "2008.10.22"]
[Round "6"]
[White "Pruijssers, Roeland"]
[Black "Vedder, Richard"]
[Result "0-1"]
[WhiteElo "2458"]
[BlackElo "2334"]
[PlyCount "60"]
[EventDate "2008.??.??"]

1. e4 e5 2. Nf3 Nc6 3. Bb5 a6 4. Ba4 Nf6 5. O-O Nxe4 6. d4 b5 7. Bb3 d5 8. dxe5
Be6 9. Nbd2 Nc5 10. c3 Be7 11. Bc2 Bg4 12. Re1 Qd7 13. Nf1 Rd8 14. h3 Bh5 15.
Ng3 Bg6 16. b4 Ne6 17. Bxg6 hxg6 18. Be3 d4 19. Bxd4 Ncxd4 20. cxd4 Bxb4 21.
Re4 Bc3 22. Rc1 Bxd4 23. Nxd4 Nxd4 24. Qe1 Ne6 25. a4 O-O 26. h4 Qd2 27. Qxd2
Rxd2 28. Rc6 Rb8 29. Rxa6 b4 30. Rc6 Rd1+ 0-1

[Event "Hoogeveen open"]
[Site "Hoogeveen, Netherlands"]
[Date "2008.10.22"]
[Round "6"]
[White "Strating, Sybolt"]
[Black "Brandenburg, Daan"]
[Result "0-1"]
[WhiteElo "2335"]
[BlackElo "2436"]
[PlyCount "64"]
[EventDate "2008.??.??"]

1. c4 Nf6 2. Nc3 c5 3. g3 e6 4. Nf3 b6 5. Bg2 Bb7 6. O-O Be7 7. Re1 d6 8. b3 a6
9. Bb2 Nbd7 10. d4 cxd4 11. Qxd4 O-O 12. Rad1 Rc8 13. Ng5 Bxg2 14. Kxg2 Ne8 15.
Nge4 f5 16. Nd2 Bf6 17. Qe3 Qe7 18. f4 b5 19. cxb5 axb5 20. Nf3 Nc5 21. Ba3
Bxc3 22. Qxc3 Nf6 23. Qb2 Nce4 24. e3 Nd5 25. Rd4 Qb7 26. Qe2 Rc3 27. Bc1 Rfc8
28. Bd2 Rc2 29. Kh3 Rxa2 30. Ng5 Ndf6 31. Nxe4 Nxe4 32. g4 Nxd2 0-1

[Event "Hoogeveen open"]
[Site "Hoogeveen, Netherlands"]
[Date "2008.10.22"]
[Round "6"]
[White "Van Delft, Merijn"]
[Black "Pel, Bonno"]
[Result "1/2-1/2"]
[WhiteElo "2402"]
[BlackElo "2324"]
[PlyCount "111"]
[EventDate "2008.??.??"]

1. e4 d6 2. d4 g6 3. Nc3 Bg7 4. Be3 a6 5. Qd2 Nd7 6. h4 h6 7. O-O-O b5 8. f4 h5
9. Nf3 Nh6 10. Ng5 Nb6 11. Bd3 Bg4 12. Rde1 e6 13. Rhf1 O-O 14. Kb1 d5 15. e5
Qe7 16. Qf2 b4 17. Nd1 a5 18. Bc1 a4 19. Ne3 b3 20. Nxg4 Nxg4 21. Qd2 c5 22.
dxc5 Qxc5 23. cxb3 axb3 24. a3 Rfc8 25. Rf3 Ra4 26. Qd1 Nc4 27. Qxb3 Raa8 28.
Bxc4 Rab8 29. Qc2 dxc4 30. Rd1 Bf8 31. Ne4 Qe7 32. Nd6 Rc6 33. g3 Qc7 34. Rc3
Rb3 35. Rxb3 cxb3 36. Qxb3 Bxd6 37. exd6 Rxd6 38. Rxd6 Qxd6 39. Qc2 Nf6 40. b4
Nd5 41. Qc8+ Kg7 42. Bb2+ f6 43. Qb7+ Kh6 44. Qa8 Kg7 45. Qa7+ Kg8 46. Qc5 Qa6
47. b5 Qa5 48. Ka2 Kf7 49. Qc4 Ke7 50. a4 Kd8 51. Qd4 Kd7 52. Ba3 Ke8 53. Kb3
Qe1 54. Qd3 Kd7 55. Bc5 Kc8 56. Ba3 1/2-1/2

[Event "Hoogeveen open"]
[Site "Hoogeveen, Netherlands"]
[Date "2008.10.22"]
[Round "6"]
[White "Slingerland, Fred"]
[Black "Afek, Yochanan"]
[Result "1-0"]
[WhiteElo "2373"]
[BlackElo "2319"]
[PlyCount "99"]
[EventDate "2008.??.??"]

1. e4 c5 2. Nf3 Nf6 3. Nc3 d5 4. exd5 Nxd5 5. Nxd5 Qxd5 6. d4 cxd4 7. Qxd4 Qxd4
8. Nxd4 a6 9. Be3 e5 10. Nb3 Bf5 11. O-O-O Nd7 12. Bc4 Rc8 13. Bd3 Be6 14. f4
Be7 15. Be4 Rc7 16. fxe5 Nxe5 17. Bb6 Rc4 18. Rhe1 Nc6 19. Nd4 Nxd4 20. Rxd4
Rb4 21. Rxb4 Bxb4 22. Rd1 Ke7 23. Bd4 b5 24. a3 Bd6 25. Bxg7 Bf4+ 26. Kb1 Rg8
27. Bc3 Bxh2 28. Rh1 Bd6 29. Rxh7 Rg3 30. Bf3 Bf5 31. Rh1 Rg8 32. Re1+ Be6 33.
Re2 Kd7 34. Rd2 Ke7 35. Bf6+ Kxf6 36. Rxd6 a5 37. Rb6 Rg5 38. Bc6 Re5 39. b3 a4
40. b4 Re2 41. Rxb5 Ke7 42. Rc5 f5 43. Bf3 Re3 44. Kb2 Kd6 45. Rc3 Re1 46. Rd3+
Kc7 47. Kc3 Ra1 48. Kd4 Rc1 49. Rc3+ Kb8 50. Bc6 1-0

[Event "Hoogeveen open"]
[Site "Hoogeveen, Netherlands"]
[Date "2008.10.22"]
[Round "6"]
[White "Kuipers, Stefan"]
[Black "Bykhovsky, Anatoly A"]
[Result "1-0"]
[WhiteElo "2292"]
[BlackElo "2364"]
[PlyCount "41"]
[EventDate "2008.??.??"]

1. e4 e5 2. Nf3 Nc6 3. Bb5 a6 4. Ba4 Nf6 5. O-O Be7 6. Re1 b5 7. Bb3 d6 8. c3
O-O 9. h3 Nd7 10. d4 Bf6 11. a4 Bb7 12. Na3 Re8 13. d5 Na7 14. Be3 Nc5 15. Bc2
Nxa4 16. Bxa4 bxa4 17. Qxa4 c5 18. b4 cxb4 19. Qxb4 Qc7 20. Bxa7 Rxa7 21. Nb5
1-0

[Event "Hoogeveen open"]
[Site "Hoogeveen, Netherlands"]
[Date "2008.10.22"]
[Round "6"]
[White "Haast, Anne"]
[Black "Kaplan, Sasha"]
[Result "0-1"]
[WhiteElo "2054"]
[BlackElo "2425"]
[PlyCount "56"]
[EventDate "2008.??.??"]

1. e4 c5 2. Nf3 e6 3. d4 cxd4 4. Nxd4 a6 5. Bd3 Bc5 6. Nb3 Be7 7. c4 d6 8. Nc3
Nf6 9. O-O O-O 10. f4 Nbd7 11. Qe2 Qc7 12. Bd2 b6 13. Rae1 Bb7 14. e5 Ne8 15.
exd6 Bxd6 16. f5 Bxh2+ 17. Kh1 exf5 18. Nd4 g6 19. Nxf5 gxf5 20. Bxf5 Nef6 21.
Bxd7 Nxd7 22. Qg4+ Kh8 23. Re7 Rg8 24. Bg5 Rxg5 25. Qxg5 Rg8 26. Nd5 Rxg5 27.
Nxc7 Bxc7 28. Rfe1 Bc6 0-1

[Event "Hoogeveen open"]
[Site "Hoogeveen, Netherlands"]
[Date "2008.10.22"]
[Round "6"]
[White "Vedder, Henk"]
[Black "Meurs, Tom"]
[Result "1-0"]
[WhiteElo "2358"]
[BlackElo "2110"]
[PlyCount "105"]
[EventDate "2008.??.??"]

1. e4 e5 2. Nf3 Nc6 3. Bc4 Bc5 4. c3 Nf6 5. d3 a6 6. Bb3 Ba7 7. Nbd2 d6 8. Nf1
Be6 9. Be3 Bxe3 10. Nxe3 Qd7 11. O-O O-O 12. Nh4 d5 13. Qc2 Na5 14. exd5 Nxb3
15. axb3 Nxd5 16. Nf3 f6 17. d4 exd4 18. Nxd5 d3 19. Qxd3 Qxd5 20. Qe3 Bg4 21.
c4 Qh5 22. Nd2 Rad8 23. Rfe1 Qg6 24. Ne4 f5 25. Nc5 f4 26. Qe4 Qb6 27. Qe5 Qg6
28. Qe4 Qb6 29. Qe7 Rd6 30. Re5 h6 31. Rae1 Rdf6 32. Rd5 R6f7 33. Qe4 Bc8 34.
h3 Qf6 35. Nd3 f3 36. Ne5 Re7 37. Qxf3 Rfe8 38. Qe3 c6 39. Ra5 b6 40. Qxb6 Rxe5
41. Raxe5 Rxe5 42. Rxe5 Qxe5 43. Qd8+ Kh7 44. Qxc8 Qe1+ 45. Kh2 Qxf2 46. Qxc6
Qf4+ 47. g3 Qd4 48. Qg2 g6 49. Qc2 Qc5 50. b4 Qc6 51. c5 h5 52. h4 Kg8 53. Qg2
1-0

[Event "Hoogeveen open"]
[Site "Hoogeveen, Netherlands"]
[Date "2008.10.22"]
[Round "6"]
[White "De Groote, Ewoud"]
[Black "Grover, Sahaj"]
[Result "1-0"]
[WhiteElo "2208"]
[BlackElo "2313"]
[PlyCount "77"]
[EventDate "2008.??.??"]

1. e4 e5 2. Nf3 Nc6 3. Bb5 a6 4. Bxc6 dxc6 5. O-O Bg4 6. h3 h5 7. d3 Qf6 8. Be3
Bxf3 9. Qxf3 Qxf3 10. gxf3 Bd6 11. Nd2 Ne7 12. Rfd1 Ng6 13. Kf1 f6 14. Nc4 c5
15. c3 Kf7 16. a3 a5 17. a4 b6 18. Rac1 Rhd8 19. d4 exd4 20. cxd4 cxd4 21.
Nxd6+ Rxd6 22. Rxc7+ Kg8 23. Rxd4 Rxd4 24. Bxd4 Rd8 25. Bxb6 Rd1+ 26. Ke2 Rb1
27. Rc2 Nf4+ 28. Ke3 Nxh3 29. Bxa5 Ra1 30. b3 h4 31. f4 Ng1 32. f5 h3 33. Bc7
Rb1 34. Rc3 Re1+ 35. Kd3 Nf3 36. Kc4 Ne5+ 37. Bxe5 Rxe4+ 38. Bd4 Rh4 39. Rc1
1-0

[Event "Hoogeveen open"]
[Site "Hoogeveen, Netherlands"]
[Date "2008.10.22"]
[Round "6"]
[White "Sparenberg, Erik"]
[Black "Miedema, Roi"]
[Result "1/2-1/2"]
[WhiteElo "2041"]
[BlackElo "2307"]
[PlyCount "98"]
[EventDate "2008.??.??"]

1. e4 e5 2. Nf3 Nf6 3. Nxe5 d6 4. Nf3 Nxe4 5. Nc3 Nxc3 6. dxc3 Be7 7. Be3 O-O
8. Qd2 Nc6 9. O-O-O Ne5 10. Nd4 c5 11. Nb3 Be6 12. Bf4 Ng6 13. Bxd6 Qb6 14.
Bxe7 Nxe7 15. Qg5 Nf5 16. Bd3 c4 17. Bxf5 cxb3 18. axb3 Qxf2 19. Rhf1 Qb6 20.
Bd3 a5 21. Rf4 h6 22. Qg3 Rfd8 23. Rh4 Kh8 24. Qe5 Kg8 25. Qe4 f5 26. Qxe6+
Qxe6 27. Bc4 Rxd1+ 28. Kxd1 Rd8+ 29. Rd4 Rxd4+ 30. cxd4 Kf7 31. Bxe6+ Kxe6 32.
Ke2 f4 33. c4 g5 34. g3 fxg3 35. hxg3 h5 36. Kf3 Kf5 37. g4+ hxg4+ 38. Kg3 Ke4
39. d5 Kf5 40. c5 Ke5 41. d6 Ke6 42. Kxg4 b6 43. cxb6 Kxd6 44. Kxg5 Kc6 45. b7
Kxb7 46. Kf4 Kb6 47. Ke3 Kc5 48. Kd3 Kb5 49. Kd2 Kc5 1/2-1/2

[Event "Hoogeveen open"]
[Site "Hoogeveen, Netherlands"]
[Date "2008.10.22"]
[Round "6"]
[White "Lammens, Tim"]
[Black "Ducarmon, Quinten"]
[Result "1/2-1/2"]
[WhiteElo "2288"]
[BlackElo "2083"]
[PlyCount "94"]
[EventDate "2008.??.??"]

1. Nf3 Nf6 2. g3 d5 3. Bg2 c6 4. O-O Bg4 5. b3 Nbd7 6. Bb2 e6 7. d4 Bd6 8. Nbd2
Qc7 9. c4 O-O 10. Re1 Bf5 11. Nh4 Bg6 12. Nxg6 hxg6 13. e4 dxe4 14. Nxe4 Nxe4
15. Rxe4 Rfe8 16. Qc2 Nf6 17. Re2 c5 18. dxc5 Bxc5 19. Qc3 Rad8 20. Qf3 Rd7 21.
Rae1 Bb4 22. Be5 Qa5 23. Rf1 Be7 24. Qc3 Qb6 25. Rc2 Qc5 26. Bf4 Ng4 27. h3 g5
28. Bc1 Bf6 29. Qe1 Ne5 30. Qe3 Qa5 31. Rd2 Rxd2 32. Qxd2 Qa6 33. Qc2 Rd8 34.
Be3 Nc6 35. Bxc6 bxc6 36. Bc5 Qa5 37. Be3 a6 38. Qe4 Rd6 39. a4 Qb4 40. Qc2 a5
41. Kg2 Rd7 42. Rd1 Rxd1 43. Qxd1 c5 44. Kh2 Qb6 45. Qd3 Bd4 46. Kg1 Qd6 47.
Qd2 Qe5 1/2-1/2

[Event "Hoogeveen open"]
[Site "Hoogeveen, Netherlands"]
[Date "2008.10.22"]
[Round "6"]
[White "Van de Oudeweetering, Arth"]
[Black "Van Kooten, Luuk"]
[Result "0-1"]
[WhiteElo "2350"]
[BlackElo "2263"]
[PlyCount "74"]
[EventDate "2008.??.??"]

1. e4 c5 2. c3 g6 3. d4 cxd4 4. cxd4 d5 5. e5 Bg7 6. Nc3 Nc6 7. Bb5 Nh6 8. Nge2
O-O 9. O-O Nf5 10. Bg5 f6 11. exf6 exf6 12. Bf4 g5 13. Be3 Be6 14. Na4 Bf7 15.
Ng3 Nce7 16. Rc1 b6 17. Nc3 Bg6 18. Nxf5 Bxf5 19. Re1 Kh8 20. Ba6 Bc8 21. Qa4
Ng6 22. Bxc8 Rxc8 23. Qxa7 f5 24. Nb5 f4 25. Bd2 f3 26. Bb4 Rxc1 27. Rxc1 Nf4
28. Rc7 Qe8 29. Nd6 Ne2+ 30. Kf1 fxg2+ 31. Kxg2 Nf4+ 32. Kg3 Qh5 33. Nf7+ Rxf7
34. Rc8+ Bf8 35. Rxf8+ Rxf8 36. Qd7 Ne2+ 37. Kg2 Qf3+ 0-1

[Event "Hoogeveen open"]
[Site "Hoogeveen, Netherlands"]
[Date "2008.10.22"]
[Round "6"]
[White "Tate, Alan"]
[Black "Bitalzadeh, Ali"]
[Result "0-1"]
[WhiteElo "2144"]
[BlackElo "2370"]
[PlyCount "68"]
[EventDate "2008.??.??"]

1. e4 e6 2. d4 d5 3. Nd2 Nf6 4. e5 Nfd7 5. Bd3 c5 6. c3 Nc6 7. Ngf3 g6 8. h4 h6
9. O-O g5 10. h5 g4 11. Nh2 Rg8 12. Nxg4 cxd4 13. cxd4 Qh4 14. Ne3 Nxd4 15. f4
Bc5 16. Nb3 Nxb3 17. axb3 Qh3 18. Qe2 Bxe3+ 19. Bxe3 Rxg2+ 20. Qxg2 Qxe3+ 21.
Rf2 Qxd3 22. Qg7 Nf8 23. Qxh6 Bd7 24. Qf6 Rc8 25. Kh2 d4 26. Rg1 Rc2 27. Rxc2
Qxc2+ 28. Kh3 Qe2 29. h6 Qf3+ 30. Kh2 Qh5+ 31. Kg3 Bc6 32. Qh4 Qf3+ 33. Kh2 d3
34. Qg4 Qxg4 0-1

[Event "Hoogeveen open"]
[Site "Hoogeveen, Netherlands"]
[Date "2008.10.22"]
[Round "6"]
[White "Van Apeldoorn, Janton"]
[Black "De Jong, Migchiel"]
[Result "1/2-1/2"]
[WhiteElo "2188"]
[BlackElo "2349"]
[PlyCount "109"]
[EventDate "2008.??.??"]

1. e4 e6 2. d4 d5 3. Nd2 c5 4. Ngf3 cxd4 5. exd5 Qxd5 6. Bc4 Qd6 7. O-O Nf6 8.
Re1 Be7 9. Ne4 Qc7 10. Bb3 Nc6 11. Nxd4 Nxd4 12. Qxd4 O-O 13. Ng3 b6 14. Bf4
Qc6 15. Qc4 Bc5 16. Be3 Bb7 17. Qf1 Rfd8 18. Bxc5 Qxc5 19. Rad1 b5 20. a4 bxa4
21. Bxa4 Bd5 22. Qe2 Qb4 23. b3 Rdc8 24. Qd2 Qb7 25. f3 h5 26. c4 Bc6 27. Bxc6
Rxc6 28. Rb1 Rb6 29. Qc3 Rb8 30. Re3 Rb4 31. Ne2 Rc8 32. Rd3 Rbxc4 33. Qd2 Qb6+
34. Kh1 Rc2 35. Qd1 Nd5 36. Nd4 R2c3 37. h3 Rd8 38. Ne2 Rcc8 39. Rc1 Qf2 40.
Rxc8 Rxc8 41. Qd2 h4 42. Kh2 g6 43. Kh1 a5 44. Kh2 Rb8 45. Nc1 Qg3+ 46. Kh1 Kh7
47. Rd4 Rb4 48. Rxb4 Nxb4 49. Ne2 Qf2 50. Qf4 Qxe2 51. Qxf7+ Kh6 52. Qf4+ Kg7
53. Qc7+ Kf8 54. Qf4+ Ke7 55. Qc7+ 1/2-1/2

[Event "Hoogeveen open"]
[Site "Hoogeveen, Netherlands"]
[Date "2008.10.22"]
[Round "6"]
[White "Humphrey, Jonathan"]
[Black "Groenewold, Jan Joris"]
[Result "1-0"]
[WhiteElo "2330"]
[BlackElo "2106"]
[PlyCount "61"]
[EventDate "2008.??.??"]

1. e4 e5 2. Nf3 Nc6 3. Bb5 a6 4. Ba4 Nf6 5. d3 b5 6. Bb3 Bc5 7. a4 Rb8 8. O-O
d6 9. h3 Qe7 10. axb5 axb5 11. c3 Bb6 12. Na3 Na5 13. Ba2 c6 14. b4 Nb7 15. c4
Bd7 16. Re1 O-O 17. Bb2 Ra8 18. d4 Rfd8 19. cxb5 cxb5 20. dxe5 dxe5 21. Nxe5
Be8 22. Nd3 Rxa3 23. Bxa3 Bd4 24. Rc1 Nxe4 25. Qf3 Nbd6 26. Bd5 Qa7 27. Rxe4
Nxe4 28. Qxe4 Bxf2+ 29. Nxf2 Qxa3 30. Re1 Rxd5 31. Qxe8# 1-0

[Event "Hoogeveen open"]
[Site "Hoogeveen, Netherlands"]
[Date "2008.10.22"]
[Round "6"]
[White "Jellema, Yme Jan"]
[Black "Wempe, Joost"]
[Result "0-1"]
[WhiteElo "2129"]
[BlackElo "2291"]
[PlyCount "122"]
[EventDate "2008.??.??"]

1. e4 e6 2. d4 d5 3. Nc3 Bb4 4. Bd2 Nf6 5. e5 Bxc3 6. bxc3 Ne4 7. Qg4 Kf8 8.
Bd3 Nxd2 9. Kxd2 c5 10. h4 Nc6 11. h5 Qe7 12. Rb1 f6 13. Nf3 c4 14. Be2 fxe5
15. Nxe5 Nxe5 16. dxe5 Ke8 17. Qd4 Rf8 18. f4 b6 19. a4 Qc5 20. g3 Kd7 21. Rb4
Kc7 22. Ra1 a5 23. Rb5 Qxd4+ 24. cxd4 Bd7 25. Rbb1 g5 26. Ke3 Rg8 27. Bf3 Raf8
28. c3 Be8 29. Rh1 Rg7 30. Ra2 Rgf7 31. Kf2 h6 32. Ke2 gxf4 33. g4 Rg7 34. Kf2
Bf7 35. Ke2 Bg8 36. Kf2 Bh7 37. Rh2 Kc6 38. Rb2 Be4 39. Bd1 Rfg8 40. Rh4 Rf8
41. Rh2 Rgf7 42. Bf3 Rb8 43. Bd1 Rg8 44. Rh3 f3 45. Rh4 Bf5 46. Kg3 Bxg4 47.
Rxg4 Rxg4+ 48. Kxg4 f2 49. Be2 f1=Q 50. Bxf1 Rxf1 51. Rc2 b5 52. axb5+ Kb6 53.
Ra2 Rc1 54. Rf2 Kxb5 55. Rf6 a4 56. Rxh6 a3 57. Rh8 a2 58. Ra8 Rg1+ 59. Kf4
a1=Q 60. Rxa1 Rxa1 61. h6 Rg1 0-1

[Event "Hoogeveen open"]
[Site "Hoogeveen, Netherlands"]
[Date "2008.10.22"]
[Round "6"]
[White "Van der Elburg, Freddie"]
[Black "Mostertman, Milan"]
[Result "1-0"]
[WhiteElo "2269"]
[BlackElo "2044"]
[PlyCount "67"]
[EventDate "2008.??.??"]

1. c4 Nf6 2. g3 g6 3. Bg2 Bg7 4. Nc3 O-O 5. d4 d6 6. e3 e5 7. Nge2 c6 8. O-O
exd4 9. Nxd4 Be6 10. Nxe6 fxe6 11. e4 e5 12. Qd3 Na6 13. h3 Nc5 14. Qe2 Ne6 15.
Be3 Nd4 16. Qd2 Nd7 17. f4 Nc5 18. Rf2 Qa5 19. Raf1 Qb4 20. f5 Nd7 21. Bg5 Bh8
22. Be7 Rf7 23. fxg6 Rxe7 24. Nd5 Qxd2 25. Nxe7+ Kg7 26. Rxd2 hxg6 27. Rdf2 Kh6
28. Rf7 Rd8 29. h4 Nf6 30. h5 Nxh5 31. Rf8 Rxf8 32. Rxf8 Bf6 33. Rf7 Bg5 34.
Ng8# 1-0

[Event "Hoogeveen open"]
[Site "Hoogeveen, Netherlands"]
[Date "2008.10.22"]
[Round "6"]
[White "Hendriks, Richard"]
[Black "Chapman, Terry P D"]
[Result "0-1"]
[WhiteElo "2116"]
[BlackElo "2240"]
[PlyCount "84"]
[EventDate "2008.??.??"]

1. e4 d6 2. d4 Nf6 3. Nc3 g6 4. f4 Bg7 5. a3 O-O 6. Nf3 c5 7. dxc5 Qa5 8. b4
Qd8 9. Be3 Ng4 10. Bd4 dxc5 11. Bxg7 Kxg7 12. Qxd8 Rxd8 13. Nd5 Nc6 14. h3 Nf6
15. Nxf6 exf6 16. b5 Na5 17. Nd2 b6 18. O-O-O Bb7 19. Bd3 Rd4 20. Rhe1 Rc8 21.
Nf3 Ra4 22. e5 Rxf4 23. e6 fxe6 24. Rxe6 Rc7 25. Be2 Re4 26. Rxe4 Bxe4 27. g4
g5 28. Rd8 Nb7 29. Rd2 Kf7 30. h4 h6 31. hxg5 hxg5 32. Ne1 Ke7 33. Bf1 Nd6 34.
a4 Rd7 35. Rh2 Ke6 36. Bg2 Rh7 37. Rxh7 Bxh7 38. Kd2 Ke5 39. Ke3 Nc4+ 40. Ke2
Kd4 41. Bf3 Kc3 42. Bd5 Ne5 0-1

[Event "Hoogeveen open"]
[Site "Hoogeveen, Netherlands"]
[Date "2008.10.22"]
[Round "6"]
[White "Cako, Laszlo"]
[Black "Van der Veen, Jan"]
[Result "1-0"]
[WhiteElo "2233"]
[BlackElo "2114"]
[PlyCount "45"]
[EventDate "2008.??.??"]

1. e4 e5 2. Nf3 Nc6 3. Bb5 Nf6 4. O-O Nxe4 5. d4 Be7 6. Re1 Nd6 7. dxe5 Nxb5 8.
a4 d6 9. e6 Bxe6 10. axb5 Ne5 11. Nd4 Qd7 12. Nc3 c5 13. Nxe6 fxe6 14. Ra4 Ng6
15. Rae4 O-O-O 16. Rxe6 d5 17. Bf4 Rhe8 18. Bg3 d4 19. Na4 Qxb5 20. Qa1 Kd7 21.
c4 Qb4 22. Qd1 Bf8 23. Qg4 1-0

[Event "Hoogeveen open"]
[Site "Hoogeveen, Netherlands"]
[Date "2008.10.22"]
[Round "6"]
[White "Mellema, Andries"]
[Black "Dal Borgo, Albin"]
[Result "1/2-1/2"]
[WhiteElo "2097"]
[BlackElo "2210"]
[PlyCount "84"]
[EventDate "2008.??.??"]

1. e4 e5 2. Nc3 Nf6 3. g3 c6 4. d4 Bb4 5. Bg2 d5 6. exd5 Nxd5 7. Nge2 Nxc3 8.
bxc3 Bd6 9. dxe5 Bxe5 10. Ba3 Qxd1+ 11. Rxd1 Bg4 12. f4 Bc7 13. O-O Nd7 14. h3
Bxe2 15. Rfe1 O-O-O 16. Rxe2 Rhe8 17. Red2 Nb6 18. Rxd8+ Bxd8 19. Bc5 Na4 20.
Bd4 Bb6 21. Kf1 Bxd4 22. cxd4 Re3 23. Re1 Rxe1+ 24. Kxe1 Nc3 25. Kd2 Nb5 26.
Kd3 Nd6 27. c4 Kd7 28. c5 Nf5 29. g4 Ne7 30. Be4 h6 31. Kc4 g5 32. fxg5 hxg5
33. d5 cxd5+ 34. Bxd5 f6 35. Be4 b6 36. cxb6 axb6 37. a3 Kd6 38. Kb5 Kc7 39.
Kc4 Kb8 40. Kb5 Kc7 41. Kc4 Kc8 42. Kb5 Kc7 1/2-1/2

[Event "Hoogeveen open"]
[Site "Hoogeveen, Netherlands"]
[Date "2008.10.22"]
[Round "6"]
[White "Algra, Jouke"]
[Black "Ten Vergert, Paul"]
[Result "1/2-1/2"]
[WhiteElo "2113"]
[BlackElo "1980"]
[PlyCount "30"]
[EventDate "2008.??.??"]

1. d4 d5 2. Bf4 Nf6 3. Nf3 c5 4. e3 Nc6 5. c3 Qb6 6. Qb3 Qxb3 7. axb3 e6 8. h3
Be7 9. Bd3 Bd7 10. Nbd2 O-O 11. O-O a6 12. Ra2 Nh5 13. Bh2 f5 14. Rfa1 f4 15.
Re1 Rac8 1/2-1/2

[Event "Hoogeveen open"]
[Site "Hoogeveen, Netherlands"]
[Date "2008.10.22"]
[Round "6"]
[White "Haitsma, Anne"]
[Black "Hoffman, Ron"]
[Result "1-0"]
[WhiteElo "2107"]
[BlackElo "2165"]
[PlyCount "79"]
[EventDate "2008.??.??"]

1. d4 Nf6 2. c4 g6 3. Nc3 Bg7 4. e4 d6 5. Be2 O-O 6. Bg5 Na6 7. Nf3 e5 8. d5
Qe8 9. Nd2 h6 10. Bh4 Nh7 11. g4 f5 12. gxf5 gxf5 13. Bh5 Qd7 14. Bg6 fxe4 15.
h3 Rf4 16. Bg3 e3 17. fxe3 Rf6 18. Qh5 Nf8 19. Bc2 Nb4 20. Be4 Nh7 21. a3 Na6
22. Bh4 Qf7 23. Qxf7+ Rxf7 24. Bg6 Rf8 25. Be7 Bd7 26. Bxf8 Rxf8 27. Nce4 Nf6
28. Ke2 b6 29. Raf1 Nxe4 30. Rxf8+ Kxf8 31. Nxe4 b5 32. Rf1+ Kg8 33. Bf5 Be8
34. Bc8 Nb8 35. Rg1 Kf8 36. c5 Bh5+ 37. Kd2 dxc5 38. Nxc5 Bf6 39. Be6 Bg5 40.
h4 1-0

[Event "Hoogeveen open"]
[Site "Hoogeveen, Netherlands"]
[Date "2008.10.22"]
[Round "6"]
[White "Grooten, Herman"]
[Black "Rooda, Kai"]
[Result "0-1"]
[WhiteElo "2376"]
[BlackElo "2141"]
[PlyCount "174"]
[EventDate "2008.??.??"]

1. d4 d5 2. c4 dxc4 3. Nf3 Nf6 4. e3 e6 5. Bxc4 a6 6. O-O b5 7. Bd3 Bb7 8. a4
b4 9. Nbd2 c5 10. Qe2 Nbd7 11. b3 cxd4 12. exd4 Be7 13. Nc4 O-O 14. Bg5 a5 15.
Rfe1 Nb6 16. Rad1 Nbd5 17. Bd2 g6 18. Nce5 Nh5 19. Bc4 Qd6 20. Qe4 Rae8 21. Bh6
Ng7 22. Rd3 Ba8 23. Qe2 f6 24. Ng4 Bd8 25. Qd2 Bc7 26. Bxg7 Kxg7 27. Qh6+ Kg8
28. Qh4 Kg7 29. Qh6+ Kg8 30. g3 Re7 31. Nd2 Nc3 32. Rde3 Bd5 33. Bd3 Rg7 34.
Nc4 Qd7 35. Qh4 Qd8 36. Nh6+ Kh8 37. Bf1 f5 38. Qxd8 Rxd8 39. Ne5 Bxe5 40. Rxe5
Ra7 41. g4 Kg7 42. g5 Bxb3 43. Bg2 Rxd4 44. Rc5 Rd8 45. Ree5 Kf8 46. h4 Nxa4
47. Rxa5 Rxa5 48. Rxa5 Nc3 49. Ra7 Rd1+ 50. Kh2 Bd5 51. Rxh7 Ne2 52. Rh8+ Kg7
53. Rg8+ Kh7 54. Rd8 Nf4 55. Rd7+ Kh8 56. Nf7+ Kg8 57. Bxd5 Rxd5 58. Rb7 Kf8
59. Nh8 Rd4 60. Nf7 Nd3 61. Kg3 Rg4+ 62. Kf3 Rxh4 63. Nd6 Nc5 64. Rf7+ Kg8 65.
Rc7 Ne4 66. Ne8 Nxg5+ 67. Ke3 Rh3+ 68. Kd4 Nf7 69. Rb7 Rh4+ 70. Kc5 Kf8 71. Nc7
Nd8 72. Rb8 Ke7 73. Rxb4 Rxb4 74. Kxb4 Kd6 75. Nb5+ Ke5 76. Kc3 Kf4 77. Kd4
Nc6+ 78. Kc5 Ne5 79. Kd6 Nd3 80. Kxe6 Nxf2 81. Nd4 Ne4 82. Kf7 g5 83. Kg6 g4
84. Nxf5 Nd6 85. Nd4 Nc4 86. Kh5 Ne5 87. Kh4 Nf3+ 0-1

[Event "Hoogeveen open"]
[Site "Hoogeveen, Netherlands"]
[Date "2008.10.22"]
[Round "6"]
[White "Akotchik, Viktor"]
[Black "Archangelsky, Mikhail"]
[Result "1-0"]
[WhiteElo "2128"]
[BlackElo "2276"]
[PlyCount "69"]
[EventDate "2008.??.??"]

1. e4 c5 2. Nf3 e6 3. d3 Nc6 4. c3 d5 5. Nbd2 Nf6 6. g3 Be7 7. Bg2 dxe4 8. dxe4
Qd3 9. Bf1 Qd7 10. Bb5 Qc7 11. Nc4 Nxe4 12. Bf4 Qd8 13. Qa4 O-O 14. Bxc6 bxc6
15. Rd1 Qe8 16. Nb6 axb6 17. Qxa8 e5 18. Nxe5 Bf6 19. Qb8 Qe7 20. O-O Bh3 21.
Nxc6 Qe6 22. Nd8 Qf5 23. Rfe1 g5 24. f3 gxf4 25. Rxe4 Qg5 26. Nxf7 Rxb8 27.
Nxg5 Bxg5 28. Rd5 h6 29. gxf4 Bf6 30. f5 Rb7 31. Kf2 Rg7 32. Rd6 Rg2+ 33. Ke3
Kf7 34. Rxb6 Bxf5 35. Ra4 1-0

[Event "Hoogeveen open"]
[Site "Hoogeveen, Netherlands"]
[Date "2008.10.22"]
[Round "6"]
[White "Rademakers, Evert"]
[Black "Van der Velde, Wytse"]
[Result "1-0"]
[WhiteElo "2151"]
[BlackElo "1978"]
[PlyCount "81"]
[EventDate "2008.??.??"]

1. d4 Nf6 2. Nf3 g6 3. c4 Bg7 4. g3 O-O 5. Bg2 d6 6. O-O Nc6 7. Nc3 a6 8. h3
Rb8 9. e4 b5 10. e5 Nd7 11. e6 fxe6 12. d5 bxc4 13. dxc6 Nb6 14. Bg5 Qe8 15.
Qd2 e5 16. Bh6 e6 17. a4 Nd5 18. Nxd5 exd5 19. Bxg7 Kxg7 20. Qxd5 Be6 21. Qd2
h6 22. Rfe1 Qf7 23. Ra3 Rb6 24. Rae3 Rfb8 25. R1e2 Rxb2 26. Qxb2 Rxb2 27. Rxb2
Bd5 28. Rd2 Qg8 29. Nxe5 Bxg2 30. Nd7 Bd5 31. Rxd5 Qxd5 32. Re7+ Qf7 33. Rxf7+
Kxf7 34. Kf1 Ke6 35. a5 Kd5 36. Nb8 Kc5 37. Nxa6+ Kxc6 38. Ke2 Kb7 39. Nb4 c5
40. Nd5 Ka6 41. Kd2 1-0

[Event "Hoogeveen open"]
[Site "Hoogeveen, Netherlands"]
[Date "2008.10.22"]
[Round "6"]
[White "Colijn, Stefan"]
[Black "Van der Leest, Bert"]
[Result "1-0"]
[WhiteElo "2118"]
[BlackElo "2146"]
[PlyCount "53"]
[EventDate "2008.??.??"]

1. e4 c5 2. c3 Nf6 3. e5 Nd5 4. d4 cxd4 5. cxd4 d6 6. f4 Nc6 7. Nc3 dxe5 8.
fxe5 Bf5 9. a3 e6 10. Nf3 Be7 11. Bd3 Bxd3 12. Qxd3 Qd7 13. O-O h6 14. Bd2 Rd8
15. Rae1 Nb6 16. Re4 Na5 17. Rg4 g5 18. h4 Nac4 19. Bc1 gxh4 20. b3 Na5 21.
Nxh4 h5 22. Rgf4 Nxb3 23. Be3 Bg5 24. Ne4 Nxd4 25. Nd6+ Qxd6 26. exd6 Bxf4 27.
Bxd4 1-0